000 00495nam a2200181Ia 4500
001 24340
005 20260414151036.0
008 260414t2015||||xx |||||||||||||| ||spa||
041 _aESP
082 _a345.32
_bG96
100 _aGutiérrez Mori, José Edgar
_eAUT
245 0 _aEl perito en el nuevo proceso penal, su valoración de la calidad del informe pericial
_b
260 _c2015
300 _a426 páginas :
_c25 cm.
650 _aDER
654 _aCDE
942 _cLIB
_dJUS
_fJUS
_2ddc
_n
999 _c24340
_d24340